| 000 | 01257nam a2200313 c 4500 | ||
|---|---|---|---|
| 999 |
_c94898 _d94898 |
||
| 003 | BLK | ||
| 005 | 20221123134940.0 | ||
| 008 | 180408b bul|||||r ||||||| ||bul|| | ||
| 010 | _aKNG00099733000 | ||
| 040 | _aBLK | ||
| 041 |
_aBUL _cBUL |
||
| 080 |
_aЕстетическо възпитание _b37.036 _z37.036 |
||
| 080 |
_aМузика _b78 _z78 |
||
| 139 |
_aЗа музиката и музикалното възпитание _bЗ 11 |
||
| 245 | 1 | 0 |
_aЗа музиката и музикалното възпитание _bСб. от статии : Ч 1 - _cсъстав. Евгения Андреева Заякова. _nЧ. 1 |
| 257 | _aBGR | ||
| 260 |
_aСофия _bНар. просв. _c1975 - |
||
| 300 |
_a160 с. _bс ил., ноти _c20 см |
||
| 380 | _a7 | ||
| 650 | 4 |
_aМузикално възпитание _9272575 |
|
| 653 | _aмузикално възпитание | ||
| 700 | 1 |
_aЗаякова, Евгения Андреева _eсъстав. _9374041 |
|
| 760 | 1 |
_d1975 _h160 с. : с ноти, сх. _tЧ. 1 |
|
| 852 | _aЦб 96102 | ||
| 856 | 4 |
_qpdf _i0.00 _ldisable |
|
| 856 | 4 |
_qpdf _i0.00 _ldisable |
|
| 942 |
_cKNG _n0 _s1 |
||
| 944 |
_aCR _c19.02.2011 _lдобави в АБ / 18.02.2011 _kИрена_Линкова |
||
| 944 |
_aED _c11.01.2013 _lдобави в АБ / 18.02.2011 |
||
| 999 | _d94898 | ||